Educación emocional en la formación inicial de profesores de pedagogía en educación básica: relato de una propuesta en construcción

Este trabajo presenta una reconstrucción evaluativa de la experiencia desarrollada en la carrera de Pedagogía de Educación Básica de la Universidad Academia de Humanismo Cristiano en el ámbito de la educación emocional. Se describe la experiencia realizada, las estrategias de enseñanza utilizadas, l...

Full description

Bibliographic Details
Main Author: Cerda Taverne, Ana María
Format: Analitica de revista
Language:Spanish
Published: Santiago, Chile: Universidad Academia de Humanismo Cristiano, 2014.
Subjects:
Online Access:Disponible en línea (PDF). Biblioteca Digital UAHC

MARC

LEADER 00000cab a2200000 a 4500
001 036100
003 UAHC_CL
005 20210909180003.0
008 140729b2013 cl 000 spa
952 |0 0  |1 0  |4 0  |6 PAULO_FREIRE16_14_000000000000000  |7 0  |8 COMP  |9 68715  |a BC  |b BC  |c Hemeroteca  |d 2017-08-03  |l 0  |o PAULO FREIRE-16/14  |r 2019-01-08 00:00:00  |w 2017-08-03  |y REVA 
999 |c 36100  |d 36100 
040 |a UAHC_CL  |c UAHC_CL  |d UAHC_CL 
100 |a Cerda Taverne, Ana María  |9 7588 
245 1 0 |a Educación emocional en la formación inicial de profesores de pedagogía en educación básica:  |b relato de una propuesta en construcción  |c Ana María Cerda Taverne. 
260 |a Santiago, Chile:  |b Universidad Academia de Humanismo Cristiano,  |c 2014. 
300 |a p. 169-181 
362 0 |a Año 13, no. 16 (dic. 2014)-. 
500 |a En: Paulo Freire, revista de pedagogía crítica, No 16, 2014. pp. 169-181. ISSN 07179065. 
520 |a Este trabajo presenta una reconstrucción evaluativa de la experiencia desarrollada en la carrera de Pedagogía de Educación Básica de la Universidad Academia de Humanismo Cristiano en el ámbito de la educación emocional. Se describe la experiencia realizada, las estrategias de enseñanza utilizadas, los aprendizajes de los estudiantes y se esbozan líneas posibles de seguir en la formación inicial de docentes. 
650 0 |a Profesores   |x Formación profesional  |9 718 
650 0 |a Conciencia (Psicología)  |9 7589 
773 0 |t Paulo Freire : revista de pedagogía crítica  |w 035937 
856 |u http://bibliotecadigital.academia.cl/xmlui/handle/123456789/3810  |y Disponible en línea (PDF). Biblioteca Digital UAHC 
900 |a PAULO FREIRE-16/14 
942 |c REVA